Sechs nächstgelegene Länder - Antigua und Barbuda - Statistiken

Allgemein
  • Dieses Quiz wurde 28 mal gespielt
  • Das Durchschnittsergebnis liegt bei 3 aus 6
Antwortstatistiken
km Land % Korrekt
68 St. Kitts und Nevis
71%
333 St. Lucia
67%
154 Dominica
62%
409 St. Vincent und die Grenadinen
48%
467 Barbados
43%
500 Grenada
43%
Keine übereinstimmenden Quizze gefunden
Verteilung der Resultate
Anzahl Personen mit jedem Resultat
Perzentil nach korrekt beantworteten Fragen
Ihre Resultats-Entwicklung
Sie haben dieses Quiz noch nicht gespielt